Changes in ownership of KLSE companies.
| Main Author: | |
|---|---|
| Format: | Book |
| Published: |
Petaling Jaya:
Corporate Research Services,
1995.
|
| Subjects: |
| LEADER | 00539cam a2200181 7i4500 | ||
|---|---|---|---|
| 001 | 0000004482 | ||
| 005 | 19991025090000.0 | ||
| 002 | ##000005981 | ||
| 020 | 0 | 0 | |a 983-99791-3-2 |
| 090 | 0 | 0 | |a M 331.216 |b CHE |
| 100 | 1 | 0 | |a Cheong, Sally |
| 245 | 1 | 0 | |a Changes in ownership of KLSE companies. |
| 260 | 0 | 0 | |a Petaling Jaya: |b Corporate Research Services, |c 1995. |
| 300 | 0 | 0 | |a 303 p.. |
| 650 | 0 | 0 | |a Stock ownership -- |z Malaysia |
| 650 | 0 | 0 | |a Stock-exchange -- |z Malaysia |
| 651 | 0 | 0 | |a Malaysia |
| 999 | |a 0000006387 |b Book |c Open shelf |e Business Information Centre | ||


